| 000 -LEADER |
| fixed length control field |
01092cam a22002658i 4500 |
| 001 - CONTROL NUMBER |
| control field |
19357744 |
| 005 - DATE AND TIME OF LATEST TRANSACTION |
| control field |
20221105210211.0 |
| 008 - FIXED-LENGTH DATA ELEMENTS--GENERAL INFORMATION |
| fixed length control field |
161028s2018 nyu b 001 0 eng |
| 020 ## - INTERNATIONAL STANDARD BOOK NUMBER |
| International Standard Book Number |
9781626234192 1 |
| 041 ## - LANGUAGE CODE |
| Language code of text/sound track or separate title |
eng |
| 080 ## - UNIVERSAL DECIMAL CLASSIFICATION NUMBER |
| Universal Decimal Classification number |
616.2 O-90 |
| 245 00 - TITLE STATEMENT |
| Title |
Otolaryngology cases : |
| Remainder of title |
the University of Cincinnati clinical portfolio / |
| Statement of responsibility, etc. |
[edited by] Myles L. Pensak, Catherine K. Hart, Yash J. Patil. |
| 250 ## - EDITION STATEMENT |
| Edition statement |
Second edition. |
| 264 #1 - PRODUCTION, PUBLICATION, DISTRIBUTION, MANUFACTURE, AND COPYRIGHT NOTICE |
| Place of production, publication, distribution, manufacture |
New York : |
| Name of producer, publisher, distributor, manufacturer |
Thieme, |
| Date of production, publication, distribution, manufacture, or copyright notice |
[2018]. |
| 300 ## - PHYSICAL DESCRIPTION |
| Extent |
420 p. ; |
| Dimensions |
25 cm., |
| Other physical details |
ill. |
| 504 ## - BIBLIOGRAPHY, ETC. NOTE |
| Bibliography, etc. note |
Includes bibliographical references and index. |
| 653 ## - INDEX TERM--UNCONTROLLED |
| keyword |
მედიცინა |
| 653 ## - INDEX TERM--UNCONTROLLED |
| keyword |
ყელ ყურ ცხვირი |
| 653 ## - INDEX TERM--UNCONTROLLED |
| keyword |
ოტოლარინგოლოგია |
| 700 1# - ADDED ENTRY--PERSONAL NAME |
| Personal name |
Pensak, Myles L., |
| Relator term |
რედაქტორი |
| 9 (RLIN) |
8800 |
| 700 1# - ADDED ENTRY--PERSONAL NAME |
| Personal name |
Hart, Catherine K., |
| Relator term |
რედაქტორი |
| 9 (RLIN) |
8801 |
| 700 1# - ADDED ENTRY--PERSONAL NAME |
| Personal name |
Patil, Yash J., |
| Relator term |
რედაქტორი |
| 9 (RLIN) |
8802 |
| 776 08 - ADDITIONAL PHYSICAL FORM ENTRY |
| Relationship information |
Online version: |
| Title |
Otolaryngology cases |
| Edition |
Second edition. |
| Place, publisher, and date of publication |
New York : Thieme, [2018] |
| International Standard Book Number |
9781626234208 |
| Record control number |
(DLC) 2016050231 |
| 942 ## - ADDED ENTRY ELEMENTS (KOHA) |
| Source of classification or shelving scheme |
|
| Koha item type |
წიგნი |